000 00590nam a2200181Ia 4500
999 _c14875
_d14875
003 OSt
005 20201204155459.0
008 190216s9999||||xx |||||||||||||| ||und||
020 _a9781780226583
040 _coclc
082 _a371.822095491092
_bYOU/I
100 _aYousafzai, Malala
_97221
245 0 _aI Am Malala :
_bThe girl who stood up for education and was shot by the Taliban /
_cMalala Yousafzai
260 _bWeidenfeld,
_c2008.
_aLondon:
300 _a293p
650 _aEnglish
942 _cBK
_2ddc
_h371.822095491092
_iYOU/I
_k371.822095491092
_mYOU/I